000 03713nab a2200289 i 4500
003 BR-BrBNA
005 20241205140820.0
008 241205b2011 bl.qr|pooa||| 00| 0 por |
040 _aBR-BrBNA
_bpor
072 _aF70
072 _aS01
100 _aMiranda, Tatiana Mota
100 _aHanazaki, Natalia
100 _aGovone, José Silvio
100 _aAlves, Daniela Mota Miranda
245 _aExiste utilização efetiva dos recursos vegetais conhecidos em comunidades caiçaras da Ilha do Cardoso, estado de São Paulo, Brasil?
500 _aPublicação on-line; 42 ref.; 7 tables; Summaries (En, Pt)
520 _a Resumo O presente trabalho buscou verificar se os recursos vegetais da Ilha do Cardoso são efetivamente usados pelos seus caiçaras, além de avaliar se a origem biogeográfica e a finalidade de uso das plantas, bem como se fatores sócioeconômicos influem no conhecimento local. O estudo consistiu na realização de 51 entrevistas semi-estruturadas, com residentes do local há pelo menos cinco anos e maiores de 18 anos. Os resultados permitiram-nos concluir que os entrevistados retêm amplo e diverso conhecimento sobre plantas e que grande parte do que conhecem é por eles utilizado (82%). As plantas mais conhecidas são em sua maioria nativas, apesar de verificarmos maior proporção de uso entre as exóticas (95%). O conhecimento e uso variaram conforme a categoria de uso dos recursos e se mostraram, de modo geral, equivalentes em relação à idade e gênero dos informantes. Em relação à atividade exercida, constatou-se que as donas de casa usam um maior número de plantas exóticas medicinais, que os pescadores conhecem e usam mais plantas nativas manufatureiras e que monitores ambientais e os que exercem atividades relacionadas ao turismo demonstraram conhecimento semelhante, predominando o de plantas medicinais, apesar de menos usadas, em comparação com os de outras atividades profissionais. Palavras-chave: etnobotânica, conhecimento local, Mata Atlântica, uso de recursos.
520 _a Abstract This study aims to investigate if plant resources are effective used by caiçaras’ communities of the Cardoso Island. We also want to verify if the biogeografic origin of plants, their uses and socioeconomic factors influence the locals’ knowledge. We carried out 51 semi-structured interviews with people who have been living there for at least 5 years, who were older than 18. We concluded that the interviewees’ knowledge is still diverse and that most of the plants known are used by them (82%). Native plants are largely known, while the exotic ones are the most used (95%). Knowledge and use vary according to the use of plants, although they were very similar, considering the interviewees’ age and gender. We also realized that housewives use a large quantity of medicinal plants, which are mainly the exotic ones. Fishermen know and use native plants, usually for handicraft purposes. The environmental guides and people, whose job is tourism related, have a similar knowledge, especially about medicinal plants, which are less used when compared with the other professional activities. Key words: ethnobotany, local knowledge, Atlantic Forest, resource use.
650 _aETNOBOTÂNICA
650 _aMATA ATLÂNTICA
650 _aRECURSO VEGETAL
773 0 _0709
_9347049
_dRio de Janeiro-RJ Jardim Botanico do Rio de Janeiro 1935
_o2024-7870
_tRodriguésia (Brazil)
_x0370-6583; 2175-7860 on-line
_gv. 62(1) p. 153-169; (2011)
_wBR2024003787
856 _uhttps://www.scielo.br/j/rod/a/LpcFfMgGCDXyW7593tbz8Pg/?format=pdf&lang=pt
942 _cANA
999 _c329050
_d329050